000 00277nam a2200121Ia 4500
008 190216s9999||||xx |||||||||||||| ||und||
100 _aVarshini P N
245 0 _aBanking Law And Practice
260 _bS Chand & Co
_c1990
300 _a1032p
650 _aCommerce
942 _cBK
999 _c5038
_d5038